000 00374nam a2200145Ia 4500
008 230917s9999||||xx |||||||||||||| ||und||
040 _e85527
_aMAIN
041 _aEnglish
082 _a658.4 J199C
100 _aJain, Arun Kumar
245 0 _aCompetitive excellence: Critical success factors
260 _aNew Delhi
_bVikas
_c2001
300 _axvi, 314 p.
942 _cBK
999 _c115294
_d115294